Derecho procesal de familia

Salvato in:
Dettagli Bibliografici
Autori principali: Núñez Avila, René Luis (autor), Cortés Rosso, Mauricio (Autore)
Natura: Libro
Lingua:spagnolo
Pubblicazione: Santiago Legal Publishing 2012
Edizione:1a. ed
Soggetti:
Tags: Aggiungi Tag
Nessun Tag, puoi essere il primo ad aggiungerne!!

MARC

LEADER 00000cam a2200000 a 4500
001 UCF0698
003 CL-VaPUC
008 120607e20120000CL |||||||||||||||||spa|d
020 |a 9789563461282 
082 0 4 |a 346.83015  |b NUN  |2 21 
100 |a Núñez Avila, René Luis  |e autor  |9 581043 
700 0 |a Cortés Rosso, Mauricio  |e author  |9 562437 
245 1 0 |a Derecho procesal de familia 
250 |a 1a. ed 
300 |a 555 p 
942 |c BK 
945 |d 20120607 00:00:00  |a cmena 
260 |a Santiago  |b Legal Publishing  |c 2012 
650 0 |a Derecho de familia  |9 255603 
650 0 |a Derecho procesal  |z Chile  |9 454338 
650 0 |a Justicia   |9 255408 
650 7 |a TRIBUNALES DE FAMILIA  |2 CL-VaPUC  |9 562438 
583 |a last modification  |c 20130320 03:09:04  |k Rodrigo Vera 
999 |c 347879  |d 347877 
952 |0 0  |1 0  |4 0  |6 346_830150000000000_NUN_2012  |7 0  |8 A  |9 449587  |a BIBDER  |b BIBDER  |d 2019-11-22  |i 4872312  |l 6  |m 1  |o 346.83015 NUN 2012  |p 4872312  |r 2024-08-27  |s 2024-08-14  |w 2019-11-22  |y BK  |k DER